Manažérska komunikácia na projekte realizovanom v prostredí podniku

Guardado en:
Detalles Bibliográficos
Autor principal: Marsina, Štefan
Formato: Capítulo de libro
Lenguaje:eslovaco
Etiquetas: Agregar Etiqueta
Sin Etiquetas, Sea el primero en etiquetar este registro!

MARC

LEADER 00000naa$a2200000$$$4500
001 0061850
005 20240502071710.1
041 0 |a slo 
044 |a SK 
245 1 0 |a Manažérska komunikácia na projekte realizovanom v prostredí podniku  |c Štefan Marsina 
100 1 |a Marsina, Štefan